000 00889nam a22002651 4500
001 8503
003 BD-RjUL
005 20211208234612.0
008 180114s1960 maua b 001 0 eng
035 _a(BD-RjUL)8548
040 _aDLC
_cDLC
_dDLC
_dBD-RjUL
_beng
041 _aeng
082 0 0 _a519.9
_bHOD
100 1 _aHoward, Ronald A.
_923551
245 1 0 _aDynamic programming and Markov processes.
260 _aCambridge :
_bTechnology Press of Massachusetts Institute of Technology ,
_cc1960.
300 _a136 p. :
_billus. ;
_c24 cm.
500 _a"The outgrowth of ... [the author's] Sc.D. thesis submitted to the Department of Electrical Engineering, M.I.T., in June, 1958."
504 _aIncludes bibliography and index.
650 0 _aDynamic programming.
_925979
650 0 _aMarkov processes.
_920601
942 _2ddc
_cBK
999 _c8503
_d8503